Събрани съчинения (Запис номер 153806)
[ съкратено ]
| 000 -Лидер | |
|---|---|
| Контролно поле с фиксирана дължина | 02100nam a2200361 c 4500 |
| 003 - Код на организацията, давaща контролен номер | |
| Контролно поле | BLK |
| 005 - Дата и час на последна редакция | |
| Контролно поле | 20240717124700.0 |
| 008 - Елементи от данни с фиксирана дължина | |
| fixed length control field | 180410b bul|||||r ||||||| ||bul|| |
| 010 ## - Наследен системен номер | |
| LC control number | KNG00160361000 |
| 040 ## - Източник на каталожния запис | |
| Идентификатор на билиотеката - собственик на записа | BLK |
| 041 ## - Код за език | |
| Код за езика на текст/звукозапис или на отделно заглавие | Български |
| Код за езика КДБФ | Български |
| 080 ## - УДК | |
| Текстов определител УДК | Българска литература |
| УДК код - определител по УДК | 821.163.2 |
| УДК определител | (081.1) |
| УДК - код + определител | 821.163.2(081.1) |
| 080 ## - УДК | |
| Текстов определител УДК | Българска литература |
| УДК код - определител по УДК | 821.163.2 |
| УДК определител | -8 |
| УДК - код + определител | 821.163.2-8 |
| 100 ## - Редна дума - Автор | |
| Автор | Каравелов, Любен Стойчев |
| Дати, свързани с автора | 1834-1879 |
| Автор - информация (биография) | Писател, публицист, фолклорист, революционер |
| R(LIN) | 431119 |
| 139 ## - Редно поле | |
| Редна дума | Каравелов, Любен Стойчев |
| Авторски знак | Карав - К 29 |
| 245 10 - Сведения за заглавието | |
| Заглавие | Събрани съчинения |
| Подзаглавни данни | В 12 т. |
| Редно поле (дума) | Любен Стойчев Каравелов; ред. Цвета Иванова Унджиева; с предг. от Петър Николов Динеков; подб. и ред. на том Петко Тотев. |
| Том | Т. 12 |
| Заглавие на том | Брошури и писма |
| 257 ## - Страна на издаване | |
| Страна на създаване/издаване | България |
| 260 ## - Област на издателските данни | |
| Име на издателя, разпространителя и проч. | Бълг. писател |
| Година на издаване | 1984 - |
| 300 ## - Физическа характеристика | |
| Размери/Мащаб | 21 см |
| 380 ## - Жанр | |
| Жанр | Худож. лит. |
| 500 ## - Общи забележки | |
| Забележка | Други ред. : Д. Леков, П. Тотев. |
| 700 1# - Други автори (авторска отговорност) | |
| Лично име | Унджиева, Цвета Иванова |
| Дати, свързани с автора | 1930 - 2000 |
| 9 (RLIN) | 132910 |
| 700 1# - Други автори (авторска отговорност) | |
| Лично име | Динеков, Петър Николов |
| Автороска отговорност (Описва отношението между автора и произведението) | с предг. от |
| 9 (RLIN) | 363799 |
| 700 1# - Други автори (авторска отговорност) | |
| Лично име | Тотев, Петко |
| Автороска отговорност (Описва отношението между автора и произведението) | подб. и ред. на том |
| 9 (RLIN) | 365669 |
| 760 1# - Описание на основната серия | |
| Редна дума на основното описание | Каравелов, Любен Стойчев |
| Място на издаване, издател и година | 1992 |
| Страници - том | 670 с. |
| Забележка - том | Азб. показалец за лица, период. изд., загл. на призведения, д-ва и др. ; Азб. показалец на геогр. имена ; Речник ; Списък на прил. - Кн. е изд. с конкурс на Нац. център за книгата. |
| Заглавие | Т. 12 Брошури и писма |
| 852 ## - Местоположение | |
| Форматна сигнатура | Цб 131471 |
| 856 4# - Електронен адрес и достъп | |
| Електронен формат | pdf - файл |
| Инструкция (цена за достъп) | 0.00 |
| Права за достъп | disable |
| 856 4# - Електронен адрес и достъп | |
| Електронен формат | pdf - файл |
| Инструкция (цена за достъп) | 0.00 |
| Права за достъп | disable |
| 999 ## - СИСТЕМНИ КОНТРОЛНИ НОМЕРА | |
| Koha biblionumber | 153806 |
| Koha biblioitemnumber | 153806 |
| 942 ## - АРТИКУЛИ | |
| Вид на библиотечния материал | Книги |
| Скрит в OPAC | Не |
| Периодичен библиозапис | Да |
| 944 ## - СЪЗДАВАНЕ И РЕДАКЦИЯ на ЗАПИСА | |
| Създаване/Редакция | Създаване |
| Дата на регистрацията/редакция | 07.05.2014 |
| Статус, дата на статуса | Геновева Генчева |
| Служител, извършил регистрацията/редакцията | 30560 |
| 944 ## - СЪЗДАВАНЕ И РЕДАКЦИЯ на ЗАПИСА | |
| Създаване/Редакция | Редакция |
| Дата на регистрацията/редакция | 07.05.2014 |
| Статус, дата на статуса | 07.05.2014 - от С1,Р / 07.05.2014 |
| 999 ## - СИСТЕМНИ КОНТРОЛНИ НОМЕРА | |
| Koha biblioitemnumber | 153806 |
| Код за отписване | Код за изгубен артикул | Източник на класификационната схема | Код за повреда | Коз за рестрикции | Код за отдаване | Артикулен № | Име на библиотеката - собственик | Име на библиотеката, в която се намира в момента | Статус (Текущо местоположение) | Дата на вписване в системата | Местоположение - отдел | Цена в лева | Инвентарен номер | Систематично азбучна сигнатура | Баркод | Номер на екземпляра | Цена в евро | Служебна бележка | Служебен тип на артикула |
|---|---|---|---|---|---|---|---|---|---|---|---|---|---|---|---|---|---|---|---|
| Не е изгубен | Universal Decimal Classification | Не е повреден | без рестрикции | ползва се в читалня | 257819 | Регионална библиотека "Любен Каравелов" Русе | Регионална библиотека "Любен Каравелов" Русе | Хранилище | 1984-01-01 | Хранилище | 12.00 | 571388 | Цб 131471 | 900000015941 | 1 | 6.14 | N: стар фонд Дата: 01.01.1984 | Книги |